000 00319nam a2200121Ia 4500
008 170620s9999 xx 000 0 und d
100 _aBECKETT-A.H.
245 0 _aPRACTICAL PHARMACETUICAL CHEMISTRY PART 2
260 _bCBS DELHI
260 _c2005
300 _a602
546 _aEnglish
690 _aPRACTICAL PHARMACETUICAL CHEMISTRY PART 2
999 _c30722
_d30722